The heroine of Ava, (Record no. 17391)

MARC details
000 -LEADER
fixed length control field 00756cam a22002291 4500
001 - CONTROL NUMBER
control field ca 34000883
003 - CONTROL NUMBER IDENTIFIER
control field DLC
005 - DATE AND TIME OF LATEST TRANSACTION
control field 20260227111132.0
008 - FIXED-LENGTH DATA ELEMENTS--GENERAL INFORMATION
fixed length control field 880119s1916 nyua 000 0 eng
010 ## - LIBRARY OF CONGRESS CONTROL NUMBER
LC control number ca 34000883
035 ## - SYSTEM CONTROL NUMBER
System control number (OCoLC)17358486
040 ## - CATALOGING SOURCE
Original cataloging agency DLC
Transcribing agency Mi
Modifying agency Mi
-- DLC
050 00 - LIBRARY OF CONGRESS CALL NUMBER
Classification number PS3545.I46
Item number H4 1916
082 ## - DEWEY DECIMAL CLASSIFICATION NUMBER
Classification number 812.5
100 1# - MAIN ENTRY--PERSONAL NAME
Personal name Willcox, Helen L.
Fuller form of name (Helen Lida),
Dates associated with a name 1883-
245 14 - TITLE STATEMENT
Title The heroine of Ava,
Statement of responsibility, etc. by Helen L. Willcox.
260 ## - PUBLICATION, DISTRIBUTION, ETC.
Place of publication, distribution, etc. New York,
Name of publisher, distributor, etc. Missionary Education Movement of the United States and Canada
Date of publication, distribution, etc. [1916]
300 ## - PHYSICAL DESCRIPTION
Extent 33 p.
Other physical details illus.
Dimensions 23 cm.
500 ## - GENERAL NOTE
General note Missionary play based on historical incidents; scene laid in Burma.
600 10 - SUBJECT ADDED ENTRY--PERSONAL NAME
Personal name Judson, Ann Hasseltine,
Dates associated with a name 1789-1826
General subdivision Drama.
650 #0 - SUBJECT ADDED ENTRY--TOPICAL TERM
Topical term or geographic name entry element Missionary plays.

No items available.

Powered by Koha